000 00403nam a22001457a 4500
005 20150417162142.0
008 090304t xxu||||| |||| 00| 0 eng d
037 _bDPL /Pub
245 _aIAEA newsletter
260 _aNew Delhi
_bIndian Adult Education Association
_c2009-
300 _av.
_c28 cm
310 _amonthly
270 _bNew Delhi
_e110002
_a17-B, Indraprastha Estate,
942 _2ddc
_cSR
_s1
999 _c24723
_d24723